000 00572nam a2200193Ii 4500
003 JO-AjNU
008 230605s9999||||xx |||||||||||||| ||und||
040 _aJO-AjNU
_bara
_erda
_cJO-AjNU
041 _aara
050 1 4 _aRA427.R85 1982
100 3 _aرويحة ، امين ,
_eauthor
_99038
245 0 0 _aشباب في الشيخوخه
264 3 1 _aد.م : د.ن ،1982
300 _a366ص
336 _atext
_btxt
_2rdacontent
337 _aunmediated
_bn
_2rdamedia
338 _avolume
_bnc
_2rdacarrier
650 4 _aالشيخوخة - جوانب طبيعية
_99039
999 _aA1095
_c4663
_d4663